箱根驿传大学历史参赛次数(截止至102回) - Statistics

General Stats
  • This quiz has been taken 5 times
  • The average score is 32 of 42
Answer Stats
参赛次数 大学 % Correct
99 中央大学
100%
95 早稲田大学
100%
92 日本大学
100%
85 法政大学
100%
84 東洋大学
100%
78 日本体育大学
100%
72 専修大学
100%
71 東京農業大学
100%
67 順天堂大学
100%
65 明治大学
100%
61 筑波大学
100%
60 駒澤大学
100%
56 神奈川大学
100%
54 大東文化大学
100%
52 東海大学
100%
42 拓殖大学
100%
39 山梨学院大学
100%
31 立教大学
100%
31 青山学院大学
100%
30 慶應義塾大学
100%
27 帝京大学
100%
25 中央学院大学
100%
20 城西大学
100%
19 國學院大學
100%
11 上武大学
100%
9 創価大学
100%
52 国士舘大学
67%
9 東京国際大学
67%
3 関西大学
67%
2 駿河台大学
67%
1 東京大学
67%
33 亜細亜大学
33%
17 日本歯科大学
33%
10 横浜国立大学
33%
8 東京学芸大学
33%
6 横浜市立大学
33%
5 東京農工大学
33%
1 埼玉大学
33%
6 関東学院大学
0%
2 防衛大学校
0%
1 成蹊大学
0%
1 平成国際大学
0%
No matching quizzes found
Score Distribution
Percent of People with Each Score
Percentile by Number Answered
Your Score History
You have not taken this quiz